Allgemeinwissen nach Buchstabe - B - Statistiken

Allgemein
  • Dieses Quiz wurde 124 mal gespielt
  • Das Durchschnittsergebnis liegt bei 13 aus 15
Antwortstatistiken
Hint Antwort % Korrekt
Größtes Bundesland Deutschlands Bayern
99%
Redewendung: Um den heißen ... reden Brei
99%
Laubbaum mit glatter, weißer Rinde Birke
96%
Hauptstadt von Rumänien Bukarest
96%
Kleinste Einheit digitaler Information Bit
95%
Nachname von Napoleon Bonaparte
94%
Europäisches Land mit Top-Level-Domain .bg Bulgarien
93%
Komponist von "Für Elise" (Nachname) Ludwig van Beethoven
89%
Gefängnis, das während der Französischen Revolution gestürmt wurde Bastille
83%
Erster Reichskanzler des deutschen Reiches (Nachname) Otto von Bismarck
83%
Italienische Stadt und Heimat der Tortellini Bologna
77%
US-Band mit Hits wie "I want it that way" Backstreet Boys
74%
Antike Großstadt auf dem Gebiet des heutigen Iraks Babylon
65%
Pseudonym von Bruce Wayne (fiktiv) Batman
57%
Zahlensystem, das nur aus 0 und 1 besteht Binärsystem
49%
Keine übereinstimmenden Quizze gefunden
Verteilung der Resultate
Anzahl Personen mit jedem Resultat
Perzentil nach korrekt beantworteten Fragen
Ihre Resultats-Entwicklung
Sie haben dieses Quiz noch nicht gespielt